| 000 | 00331nam a22001337a 4500 | ||
|---|---|---|---|
| 020 | _a0-08-025468-3 | ||
| 082 | _a623.4519 GAR'G | ||
| 100 |
_aGARNELL, P _948875 |
||
| 245 | _aGUIDED WEAPON CONTROL SYSTEMS | ||
| 260 |
_aOXFORD _bPERGMAN _c1980 |
||
| 300 | _a244P | ||
| 650 |
_aGUIDED MISSILES CONTROL SYSTEMS _974680 |
||
| 942 | _cBK | ||
| 999 |
_c580186 _d580186 |
||